Vom welchen Land ist welche Firma? - Statistiken

Allgemein
  • Dieses Quiz wurde 168 mal gespielt
  • Das Durchschnittsergebnis liegt bei 42 aus 58
Antwortstatistiken
Firma/Marke Land % Korrekt
Apple Vereinigte Staaten
98%
Ikea Schweden
95%
Microsoft Vereinigte Staaten
95%
Google Vereinigte Staaten
95%
Disney Vereinigte Staaten
95%
Volkswagen Deutschland
94%
Facebook Vereinigte Staaten
94%
Amazon Vereinigte Staaten
94%
BMW Deutschland
93%
Ferari Italien
93%
Huawei China
92%
adidas Deutschland
92%
Bosch Deutschland
91%
Allianz Deutschland
91%
Peugeot Frankreich
91%
Lamborghini Italien
91%
Xiaomi China
90%
Siemens Deutschland
90%
Renault Frankreich
90%
Fiat Italien
90%
TikTok China
89%
Citroën Frankreich
89%
Nintendo Japan
89%
Sony Japan
88%
Samsung Südkorea
85%
Yamaha Japan
84%
Kinder Deutschland
83%
Hyundai Südkorea
83%
Suzuki Japan
82%
Ferrero Italien
81%
Volvo Schweden
81%
BBC Vereinigtes Königreich
79%
Kia Südkorea
75%
Nikon Japan
74%
HP Vereinigte Staaten
74%
Seat Spanien
72%
Nestlé Schweiz
70%
Nokia Finnland
68%
Panasonic Japan
68%
EA Vereinigte Staaten
68%
Konami Japan
67%
Canon Japan
66%
Activision Vereinigte Staaten
63%
SEGA Japan
57%
Koei Tecmo Japan
53%
LG Südkorea
50%
Kodak Vereinigte Staaten
50%
Bandai Namco Japan
47%
Phillips Niederlande
45%
Dacia Rumänien
45%
Bethesda Vereinigte Staaten
41%
UbiSoft Frankreich
34%
Capcom Japan
34%
Ghibli Japan
31%
Square Enix Japan
26%
Arc System Works Japan
23%
Rare Vereinigtes Königreich
22%
Playtonic Games Vereinigtes Königreich
22%
Keine übereinstimmenden Quizze gefunden
Verteilung der Resultate
Anzahl Personen mit jedem Resultat
Perzentil nach korrekt beantworteten Fragen
Ihre Resultats-Entwicklung
Sie haben dieses Quiz noch nicht gespielt